00408 2200169 4500001002100000005001500021008004100036020002200077035001900099041000700118082001400125090001400139100001500153245002100168260003400189300001500223INLIS00000000001003220241224113929241224||||||||| | ||| |||| || |  a978-602-7652-54-5 0010-1224010032 aid0 a915.985 5 a915.985 50 aWati Yusuf00aWulan di jakarta aTanggerangbTangga Bacac2014 a31hlm;15cm